Statistics for Countries with Largest Diaspora

Click here to take the quiz!

General Stats

  • This quiz has been taken 97 times
  • The average score is 7 of 10

Answer Stats

Population(in millions)Answer% Correct
9.5China
98%
15.6India
97%
4.9United Kingdom
85%
5.9Pakistan
82%
10.6Russia
81%
7.2Bangladesh
70%
12.3Mexico
70%
5.3Philippines
70%
5.8Ukraine
51%
5Syria
43%

Score Distribution

Percentile by Number Answered

Percent of People with Each Score

Your Score History

You have not taken this quiz